000 00587nam a2200217 a 4500
008
020 _a9781854584809 (pbk.)
049 _aMAIN
090 _aTK5105.888
_bKEL
100 1 _aKelly, David.
245 1 0 _aSuccessful websites /
_cKelly David.
260 _aGreat Britain :
_bCrimson,
_c2009.
300 _a122 p. :
_bill. ;
_c22cm.
500 _alncludes index.
650 1 _aWebsites.
907 _a.b10315482
_b14-09-12
_c11-07-12
999 _aMoyo
_c141567
_d141567
003
005 20230123125436.0
040 _cNUST
942 _cBOOKS
_kTK5105.888
_mKEL